000 01345nam0a2200361 4500
001 RU\NLR\BIBL_A\012332568
005 20200924132306.0
010 _a978-5-17-120926-1
_92000
021 _aRU
_bКН-П-20-027831
_9КН-П-20-2148
035 _a(NLR Aleph) 012332568
035 _a(RuMoRGB)010335785
090 _a11480866
_c11480866
100 _a20200914d2020 u y0rusy50 ca
101 0 _arus
102 _aRU
105 _a c||z|||000zy
181 0 _ai
_baxxe
182 0 _an
200 1 _aБиология для каждого образованного человека
_f[Юлия Добрыня]
203 _aТекст
_bвизуальный
_cнепосредственный
210 _aМосква
_cАСТ
_cОГИЗ
_d2020
215 _a223, [1] с.
_cил., портр.
_d22
225 1 _aСерия "Всё для каждого образованного человека"
300 _aАвт. указан на обороте тит. л.
333 _a12+
606 1 _aБиология
_jПопулярные издания
_2nlr_sh1
_2nlr_sh2
_3RU\NLR\AUTH\664781
686 1 _aЕ.я9
700 1 _aДобрыня
_bЮ. М.
_gЮлия Михайловна
942 _cBOOK
980 _aNBR
980 _aNB